Green Day Lyrics - Church on Sunday - Statistics

General Stats
  • This quiz has been taken 51 times
  • The average score is 216 of 282
Answer Stats
Church on Sunday % Correct
to
100%
I
97%
a
92%
go
92%
go!)
92%
of
92%
you
92%
you,
92%
church
89%
me
89%
me,
89%
on
89%
Sunday
89%
If
86%
if
86%
the
86%
with
86%
and
84%
And
84%
Friday
84%
live
84%
night?
84%
compromise
81%
day
81%
is
81%
this
81%
Today
81%
die
78%
first
78%
for
78%
our
78%
Will
78%
will
78%
alright,
76%
I'll
76%
lives
76%
promise
76%
rest
76%
get
73%
I'm
73%
not
73%
older
73%
pretend
73%
your
73%
any
70%
as
70%
ever
70%
everything's
70%
gettin'
70%
Tomorrow
70%
When
70%
younger
70%
bleed
68%
don't
68%
Makin'
68%
mascara
68%
my
68%
too
68%
face,
65%
late
65%
now
65%
say
65%
down
62%
lack
62%
long
62%
mistakes
62%
sleep
62%
that
62%
Yes,
62%
gonna
59%
Tears
59%
deadbeat
57%
leavin'
57%
yesterday
57%
Bloodshot
54%
traces
54%
was
54%
but
51%
But
51%
never
51%
dirty
49%
whole
49%
word
49%
from
46%
hear
46%
tell
46%
truth
46%
comes
43%
Hey
43%
Hey,
43%
hey,
43%
hey
43%
(Let's
43%
liar
43%
nothin'
43%
such
43%
swear
43%
what
43%
solemnly
41%
hereby
38%
have
35%
Oh
35%
respect
35%
something
35%
Trust
35%
faith
32%
learn
32%
No matching quizzes found
Score Distribution
Percent of People with Each Score
Percentile by Number Answered
Your Score History
You have not taken this quiz